[Event "Porto Alegre op"]
[Site "Porto Alegre"]
[Date "2023.08.27"]
[Round "5"]
[White "Ribeiro, Luiz Felipe Roballo"]
[Black "Lewandowski, Miguel L Strapazon"]
[Result "1/2-1/2"]
[WhiteElo "1522"]
[BlackElo "1777"]
[PlyCount "111"]
[EventDate "2023.08.25"]
[EventType "swiss"]
[EventRounds "5"]
[EventCountry "BRA"]
[SourceTitle "EXT 2024"]
[Source "ChessBase"]
[SourceDate "2023.10.10"]
[SourceVersion "1"]
[SourceVersionDate "2023.10.10"]
[SourceQuality "1"]

1. e4 e6 2. d4 d5 3. e5 c5 4. c3 Nc6 5. Nf3 Qb6 6. a3 Nge7 7. dxc5 Qxc5 8. b4 Qb6 9. Bd3 Ng6 10. Bxg6 hxg6 11. 0-0 Qc7 12. Re1 a6 13. Bf4 Be7 14. Nbd2 b5 15. Nb3 Bb7 16. Rc1 0-0 17. Nbd4 Rac8 18. Nxc6 Qxc6 19. Nd4 Qd7 20. Qg4 Rc4 21. Re3 Rfc8 22. Rh3 Qc7 23. Rd3 Qb6 24. Be3 a5 25. Qd1 Qa6 26. f4 f5 27. Nb3 a4 28. Nd2 R4c7 29. Bd4 Kf7 30. Rh3 Qa8 31. g4 Rh8 32. Qf3 fxg4 33. Qxg4 Rxh3 34. Qxh3 Rc8 35. Nf3 Rh8 36. Qg3 Rh5 37. Ng5+ Bxg5 38. fxg5 Qd8 39. h4 Kg8 40. Rf1 Bc6 41. Bc5 Be8 42. Qf4 Qd7 43. Qf8+ Kh7 44. Rf4 Qc6 45. Kh2 Qd7 46. Kg3 d4 47. cxd4 Qc6 48. Kh2 Qd5 49. Qxe8 Qa2+ 50. Kg3 Qb3+ 51. Rf3 Qd1 52. d5 Qh1 53. Rf4 Qxd5 54. Qf8 Rxg5+ 55. hxg5 Qg2+ 56. Kxg2 1/2-1/2

[Event "Porto Alegre op"]
[Site "Porto Alegre"]
[Date "2023.08.26"]
[Round "2"]
[White "Silva E Souza, Arthur Nunes Da"]
[Black "Ribeiro, Luiz Felipe Roballo"]
[Result "1-0"]
[WhiteElo "1800"]
[BlackElo "1522"]
[PlyCount "111"]
[EventDate "2023.08.25"]
[EventType "swiss"]
[EventRounds "5"]
[EventCountry "BRA"]
[SourceTitle "EXT 2024"]
[Source "ChessBase"]
[SourceDate "2023.10.10"]
[SourceVersion "1"]
[SourceVersionDate "2023.10.10"]
[SourceQuality "1"]

1. e4 e5 2. Nf3 Nc6 3. Bc4 Nf6 4. Ng5 d5 5. exd5 Na5 6. Bb5+ c6 7. dxc6 bxc6 8. Bd3 Bd6 9. 0-0 0-0 10. Nc3 h6 11. Nge4 Bc7 12. b4 Nb7 13. Bb2 Nd5 14. a3 f5 15. Ng3 f4 16. Nge4 f3 17. Ng3 fxg2 18. Re1 Nf4 19. Bc4+ Kh8 20. Nce4 Nd6 21. d3 Nxe4 22. Nxe4 Qh4 23. f3 Rf5 24. Ng3 Rg5 25. Re4 Bf5 26. Rxf4 exf4 27. Nxf5 Rxf5 28. Qe1 Qh3 29. Qe6 Bb6+ 30. d4 Raf8 31. Bd3 R8f6 32. Qc8+ Kh7 33. Re1 Kg6 34. Re5 Kg5 35. Rxf5+ Rxf5 36. Qxf5+ Qxf5 37. Bxf5 Kxf5 38. c4 g5 39. h3 h5 40. Kxg2 g4 41. hxg4+ hxg4 42. fxg4+ Kxg4 43. c5 Bd8 44. b5 f3+ 45. Kf2 cxb5 46. d5 Bh4+ 47. Kf1 Kf5 48. c6 Bg3 49. Bd4 a6 50. Bc5 Kf6 51. Bb6 Ke7 52. Bc5+ Kd8 53. d6 Bh4 54. Bb6+ Ke8 55. d7+ Kf7 56. c7 1-0

[Event "Porto Alegre Metropole op"]
[Site "Porto Alegre"]
[Date "2018.05.05"]
[Round "2"]
[White "Ribeiro, Luiz Felipe Roballo"]
[Black "Oliveira, Roberto Luiz Veiga"]
[Result "1-0"]
[WhiteElo "1796"]
[BlackElo "1732"]
[PlyCount "55"]
[EventDate "2018.05.04"]
[EventType "swiss"]
[EventRounds "5"]
[EventCountry "BRA"]
[SourceTitle "CBM 184 Extra"]
[Source "ChessBase"]
[SourceDate "2018.06.28"]
[SourceVersion "1"]
[SourceVersionDate "2018.06.28"]
[SourceQuality "1"]

1. e4 c6 2. d4 d5 3. e5 Bf5 4. Nc3 Nd7 5. Nf3 g6 6. Nh4 Be6 7. Be3 Bg7 8. Qd2 f6 9. exf6 Ngxf6 10. Bh6 0-0 11. Bxg7 Kxg7 12. Bd3 Ng4 13. 0-0 Qc7 14. g3 Rf7 15. Ne2 Raf8 16. Nf4 Rf6 17. f3 Rxf4 18. gxf4 Rxf4 19. fxg4 Rxg4+ 20. Ng2 Nf6 21. Rae1 Qd6 22. Qe3 Re4 23. Bxe4 Ng4 24. Qf4 Qd7 25. Bf3 h5 26. Bxg4 hxg4 27. Qe5+ Kh7 28. Qxe6 1-0